| 000 | 01676cam a22003735i 4500 | ||
|---|---|---|---|
| 001 | 018624909 | ||
| 003 | EG-ScBUE | ||
| 005 | 20250226104821.0 | ||
| 008 | 171127t2025 ii a f 001 0 eng d | ||
| 020 | _a9789356969797 | ||
| 040 |
_aStDuBDS _beng _erda _cStDuBDS _dEG-ScBUE |
||
| 082 | 0 | 4 |
_a617.0231 _bSET _222 |
| 100 | 1 |
_aSethi, Dipak, _eauthor. |
|
| 245 | 1 | 0 |
_aMedical surgical nursing l and ll : _bas per the INC syllabus / _cDipak Sethi, dean Noida International University College of Nursing, Greater Noida, Uttar Pradesh, India, Lt Col Kirti Sethi, nursing officer, Indian Army ; foreword Brig KK Ashta. |
| 250 | _aThird edition. | ||
| 264 | 1 |
_aNew Delhi : _bJaypee Brothers Medical Publishers, _c[2025] |
|
| 264 | 4 | _cc2025 | |
| 300 |
_axxxvi, 738 pages : _billustrations (color) ; _c28 cm |
||
| 336 |
_atext _btxt _2rdacontent |
||
| 337 |
_aunmediated _bn _2rdamedia |
||
| 338 |
_avolume _bnc _2rdacarrier |
||
| 500 | _aIncludes index. | ||
| 520 | _a"This textbook has been a favorite resource for students, instructors, and practicing nurses for almost a half-century. It's comprehensive yet accessible approach covers a broad scope of medical conditions while focusing strongly on the nurse's role in caring for, educating, and assisting patients and families." | ||
| 650 | 7 |
_aSurgical nursing. _2BUEsh |
|
| 650 | 7 |
_aNursing. _2BUEsh |
|
| 650 | 7 |
_aPerioperative Nursing _2BUEsh |
|
| 650 | 7 |
_aNursing Care. _2BUEsh |
|
| 653 |
_bNNUR _cFebruary2025 |
||
| 655 | _vReading book | ||
| 700 | 1 |
_aSethi, Lt Col Kirti, _eauthor. |
|
| 856 | 4 | 2 |
_3Student resources (Access code) _uhttps://thepoint.lww.com/activate |
| 942 |
_2ddc _cBB |
||
| 999 |
_c30934 _d30905 |
||